| 000 | 00833nam a2200265 a 4500 | ||
|---|---|---|---|
| 005 | 20200104041515.0 | ||
| 008 | 140224b1998 ck ||||| |||| 00| 0 spa d | ||
| 040 |
_aCO-BoIAVH _cCO-BoIAVH |
||
| 041 | _aspa | ||
| 044 | _ack | ||
| 090 |
_aLB _b00830 |
||
| 110 |
_bColombia. Ministerio del Medio Ambiente _942434 |
||
| 245 | _aLineamientos para la política nacional de ordenamiento ambiental del territorio | ||
| 260 |
_aBogotá _bMinambiente _c1998 |
||
| 300 | _a65 p. | ||
| 650 |
_aOrdenamiento ambiental del territorio _94036 |
||
| 650 |
_aPolítica ambiental _942435 |
||
| 650 |
_aOrdenamiento territorial _942436 |
||
| 650 |
_aUso sostenible _9344 |
||
| 650 |
_aConservación de ecosistemas _942438 |
||
| 650 |
_aRecursos hídricos _942439 |
||
| 650 |
_aLineas de acción _99439 |
||
| 662 | _aColombia | ||
| 942 |
_cINFORME _2z |
||
| 999 |
_c843 _d843 |
||